000 00785nam a22001937a 4500
008 100316t xxu||||| |||| 00| 0 eng d
020 _a9780444527851
082 _222
_a665.53
_bFAH
100 _aFahim, Mohamed A.
_912823
245 _aFundamentals of petroleum refining /
_cMohamed A. Fahim, Taher A. Alsahhaf, and Amal Elkilani.
260 _aAmsterdam :
_bElsevier,
_cc2010.
300 _axvi, 496 p. :
_bill. ;
_c23 cm.
500 _aIncludes bibliographical references and index.
650 _aPetroleum -- Refining.
_912824
700 _aAlsahhaf, Taher A.
_912825
700 _aElkilani, Amal.
_912826
942 _2ddc
_cBB
999 _c13714
_d13714